เปลี่ยนเป็นภาษาไทย

Change to English
 แสดงรายละเอียดบรรณานุกรม
  กลับหน้าหลัก

Brief Record : Get Marc (ISO 2709) : E-mail record : QR code กลับ
E-books : เกี่ยวกับ Collections
LEADER 00000nam 2200000uu 4500
001    13399128796
003     BCNR
008    260508s2568||||th 000 0 tha d
020    ^a9786166092271
041    ^atha
060  4 ^aWJ300^bพ542ร 2568
100 0  ^aพัทธดนย์ ศิริวงศ์รังสรร
245 00 ^aโรคไตใครว่ายาก /^cพัทธดนย์ ศิริวงศ์รังสรร
250    ^aพิมพ์ครั้งที่ 2
260    ^aกรุงเทพฯ :^bเพชรประกาย,^c2568
300    ^a157 หน้า :^bภาพประกอบ, ตาราง ;^c21 ซม.
505 0  ^aบทที่ 1 ไตอยู่ที่ไหนและทำหน้าที่อะไร -- บทที่ 2 ไตทำงานได้อย่างไร -- บทที่ 3 อาการของโรคไตเรื้อรัง -- บทที่ 4 สาเหตุของโรคไตวายเรื้อรัง -- บทที่ 5 หมอแนะนำให้เจาะชิ้นเนื้ไต จะเจาะดีหรือไม่? -- บทที่ 6 แปลผลการตรวจเลือดโรคไตกันเถอะ -- บทที่ 7 แปลผลการตรวจปัสสาวะกันเถอะ -- บทที่ 8 ภาวะไตวายเฉียบพลัน -- บทที่ 9 โรคไตเรื้อรัง -- บทที่ 10 ระยะของโรคไตเรื้อรัง -- บทที่ 11 อายุกับโรคไต -- บทที่ 12 7 วิธีชะลอการเสื่อมของไต -- บทที่ 13 รู้จัก 4 ยาหลักที่ช่วยชะลอไตเสื่อมก่อนจะสายเกินไป -- บทที่ 14 โอกาสไตวายเมื่อได้รับสารทึบรังสี -- บทที่ 15 การป้องกันไตวายจากสารทึบรังสี -- บทที่ 16 โรคไตกินอะไรได้ และห้ามกินอะไร? -- บทที่ 17 การบำบัดทดแทนไต -- บทที่ 18 การปลูกถ่ายไต -- บทที่ 19 โควิดภัยร้ายของไต -- บทที่ 20 สมุนไพรกับโรคไต
650  4 ^aไต^xโรค
650  4 ^aไต, โรค^xการป้องกันและควบคุม
999    ^aบรรณารักษ์
รายการนี้ยังไม่มีแท็ก
คุณยังไม่ได้ล็อกอิน คุณสามารถมีกิจกรรมร่วมกับเว็บไซต์ได้ แต่ต้องล็อกอินก่อน ::
  ล็อกอิน
ลำดับที่ ประเภท เลขเรียก/บาร์โค้ด สถานที่ สถานะ
1. หนังสือ
หนังสือ
WJ300 พ542ร 2568 c.1 
  Barcode: 087901
ห้องสมุดสาขาหลัก
►หนังสือทั่วไป
On Shelf
2. หนังสือ
หนังสือ
WJ300 พ542ร 2568 c.2 
  Barcode: 087902
ห้องสมุดสาขาหลัก
►หนังสือทั่วไป
On Shelf
3. หนังสือ
หนังสือ
WJ300 พ542ร 2568 c.3 
  Barcode: 087903
ห้องสมุดสาขาหลัก
►หนังสือทั่วไป
On Shelf
4. หนังสือ
หนังสือ
WJ300 พ542ร 2568 c.4 
  Barcode: 087904
ห้องสมุดสาขาหลัก
►หนังสือทั่วไป
On Shelf
5. หนังสือ
หนังสือ
WJ300 พ542ร 2568 c.5 
  Barcode: 087905
ห้องสมุดสาขาหลัก
►หนังสือทั่วไป
On Shelf
6. หนังสือ
หนังสือ
WJ300 พ542ร 2568 c.6 
  Barcode: 087906
ห้องสมุดสาขาหลัก
►หนังสือทั่วไป
On Shelf
   [แสดง 6/6 รายการ]

BibComment


ยังไม่เคยถูกคอมเมนท์

คอมเมนท์ทรัพยากรรายการนี้
  คอมเมนท์: โรคไตใครว่ายาก ..
Bib 13399128796

 
 
 

 Union Library Management : ULibM
Copyright 2026. All Rights Reserved.